| 000 | 00727nam a22002177a 4500 | ||
|---|---|---|---|
| 020 | _a9780553840230 | ||
| 040 | _cPAK-NSHSNUST | ||
| 082 |
_a658.409019 _bGOL |
||
| 100 | 1 |
_aGoleman, Daniel _99683 |
|
| 245 |
_aWorking with emotional intelligence / _cDaniel Goleman |
||
| 260 |
_aNew York : _bBantam Books , _c1998 |
||
| 300 |
_axii; 464 Pages ; _c17.5 cm |
||
| 546 | _aIn English | ||
| 650 | 0 |
_aExecutive ability. _912471 |
|
| 650 | 0 |
_aManagement _xPsychological aspects. _999366 |
|
| 650 | 0 |
_aEmotional intelligence. _960526 |
|
| 650 | 0 |
_aPersonality development. _9126129 |
|
| 650 | 0 |
_aEmotions and cognition. _9126130 |
|
| 942 |
_2ddc _cBK |
||
| 999 |
_c611541 _d611541 |
||